Otomobil çağı = Eyewitness visual dictionary of cars (Record no. 16796)

MARC details
000 -BAŞLIK
Sabit Uzunluktaki Kontrol Alanı 00537nam a22002057a 4500
003 - KONTROL NUMARASI KİMLİĞİ
Kontrol Alanı koha_MIRAKIL
005 - EN SON İŞLEM TARİHİ ve ZAMANI
Kontrol Alanı 20231213100235.0
008 - SABİT UZUNLUKTAKİ VERİ ÖGELERİ - GENEL BİLGİ
Sabit Alan 231213b |||||||| |||| 00| 0 ||| d
020 ## - ISBN - ULUSLARARASI STANDART KİTAP NUMARASI
-- 978-9-75403216-1
040 ## - KATALOGLAMA KAYNAĞI
Özgün Kataloglama Kurumu TR-IsEVY
Kataloglama Dili tur
Çeviri Kurumu TR-IsEVY
082 ## - DEWEY ONU SINIFLAMA SİSTEMİ
Sınıflama Numarası 629.22 OTO
100 ## - KİŞİ ADI
Yazar Adı (Kişi adı) çev. T.Tezer Sabuncuoğlu
245 #0 - ESER ADI BİLDİRİMİ
Başlık Otomobil çağı = Eyewitness visual dictionary of cars
250 ## - BASIM BİLDİRİMİ
Basım Bildirimi 2. bs.
260 ## - YAYIN, DAĞITIM, VB.
Yayınevi TÜBİTAK,
Yayın Tarihi 2001
300 ## - FİZİKSEL TANIMLAMA
Sayfa, Cilt vb. 64 s.
650 ## - KONU BAŞLIĞI EK GİRİŞ - KONU TERİMİ
Konusal terim veya coğrafi ad Automobiles.
650 ## - KONU BAŞLIĞI EK GİRİŞ - KONU TERİMİ
Konusal terim veya coğrafi ad Carburetors.
942 ## - EK GİRİŞ ÖGELERİ (KOHA)
Source of classification or shelving scheme Dewey Decimal Classification
Koha item type Kitap
Holdings
Kayıp Durumu Sınıflandırma Kaynağı Hasarlı Durumu Kalıcı Konum Mevcut Konum Kayıt Tarih Edinim Kaynağı Yer Numarası Demirbaş Numarası Son Görülme Tarihi Fatura Tarihi Materyal Türü
  Dewey Decimal Classification   ORTAOKUL KÜTÜPHANESİ ORTAOKUL KÜTÜPHANESİ 21/11/2016 Bağış 629.22 OTO 17573 13/12/2023 17/11/2017 Kitap